Music Quiz

Random Music or Musical Quiz

Instruments 7-to-1 Quiz Stats

 Plays Quiz not verified by Sporcle

Score 0/28 Timer 06:00
1 Play Today
% Correct
trumpet
93.4%
trombone
92.5%
French horn
91.3%
clarinet
90.5%
tuba
89.9%
violin
89.3%
cello
88.5%
soprano
88.3%
viola
88.1%
oboe
87.1%
flute
86.5%
bugle
85.3%
baton
84.7%
contralto
83.8%
% Correct
bassoon
83.2%
piccolo
82.6%
saxophone
79.5%
snare drum
79.4%
cornet
78.6%
tambourine
78.4%
xylophone
78.2%
double bass
77.1%
timpani
70.4%
tam-tam
67.5%
glockenspiel
67.4%
vibraphone
66.5%
marimba
60%
euphonium
52.3%

You're not logged in!

Compare scores with friends on all Sporcle quizzes.
OR
Log In

You Might Also Like...

Show Comments

Extras

Top Quizzes Today


Score Distribution

Your Account Isn't Verified!

In order to create a playlist on Sporcle, you need to verify the email address you used during registration. Go to your Sporcle Settings to finish the process.

Report this User

Report this user for behavior that violates our Community Guidelines.

Details: